|
|
|
|
| LEADER |
00758cam a2200217 a 4500 |
| 001 |
0000040546 |
| 005 |
20110111090000.0 |
| 040 |
|
|
|a mod
|
| 041 |
|
|
|a eng
|
| 020 |
0 |
0 |
|a 0395276292
|
| 090 |
0 |
0 |
|a 598.2978
|b HAR
|e 1979
|
| 100 |
1 |
0 |
|a Harrison
|h H.L.H.
|
| 245 |
1 |
2 |
|a A field guide to Western bird's nests
|b 520 species found breeding in the United States West of theMississippi River
|c Hal H. Harrison
|
| 260 |
0 |
0 |
|a Boston
|b Houghton Mifflin
|c 1979
|
| 300 |
0 |
0 |
|a xxx, 279 p.
|b ill.
|c 19 cm
|
| 440 |
0 |
0 |
|a The Peterson Fied Guide Series
|
| 650 |
0 |
0 |
|a Birds
|x The west
|x Identification
|
| 650 |
0 |
0 |
|a Birds
|x Eggs and nest
|x Identification
|
| 650 |
0 |
0 |
|a Birds
|x Middle west
|x Identification
|
| 852 |
0 |
0 |
|a 01
|
| 999 |
|
|
|a 0044841
|b KEMENTAH
|d BOOKS
|e Rujukan
|f Perpustakaan KEMENTAH
|j AVAILABLE
|q OLD
|